000 00537nam a2200181Ia 4500
999 _c35938
_d35938
003 OSt
005 20201218101059.0
008 190216s9999||||xx |||||||||||||| ||und||
020 _a0582447593
040 _coclc
082 _a574.03
_bHOL/H
100 _aHolmes, Sandra
_97649
245 0 _aHenderson`s Dictionary Of Biological Terms /
_cSandra Holmes
260 _bLongmans,
_c1979.
_aEngland:
300 _a510p
650 _aDictionary Of Biological Terms
942 _cREF
_2ddc
_h574.03
_iHOL/H
_k574.03
_mHOL/H